000 00779nam a2200241 i 4500
001 C2-0273061
003 PPAK
005 20180728002508.0
008 060809s1999 my a|||| ||||| | may d
040 _aPPAK
_beng
_cPPAK
_erda
082 0 4 _a726.20288
_223
090 0 0 _a726.20288
_bPAI
_dKK
100 0 _aPaiman Keromo,
_eauthor
245 1 0 _aKonservasi Bangunan Masjid (Lama) Kampung Pengkalan Kakap, Merbok, Kedah Darul Aman
264 1 _aKedah :
_bJabatan Muzium dan Antikuiti ,
_c1999
300 _a[10 pages] :
_billustrations ;
_c30 cm
336 _2rdacontent
_atext
337 _2rdamedia
_aunmediated
338 _2rdacarrier
_avolume
500 _aArtikel dari Buletin JMA-1999
650 1 0 _aMosque architectures - conservation and restoration
942 _ddc
_cB
999 _c80994
_d80994